| 000 | 01146nam0a2200313 4500 | ||
|---|---|---|---|
| 001 | RU\NLR\bibl\1330627 | ||
| 005 | 20260405104518.0 | ||
| 010 |
_a978-5-699-24552-9 _94000 |
||
| 021 |
_aRU _b2008-102662 _96040 |
||
| 035 | _a(NLR Aleph) 001315862 | ||
| 090 |
_a708669 _c708669 |
||
| 100 | _a20090218d2008 |||y0rusy50 ca | ||
| 101 | 0 | _arus | |
| 102 | _aRU | ||
| 105 | _ay ||||||||| | ||
| 200 | 1 |
_aЗапретов.net _e40 правил НЛП для жизни в кайф _fДиана Балыко |
|
| 210 |
_aМосква _cЭксмо _d2008 |
||
| 215 |
_a222 с. _d20 |
||
| 225 | 1 | _aНЛП-допинг | |
| 606 | 1 |
_aНейролингвистическое программирование _jПопулярные издания _91070284 _3RU\NLR\auth\6698234 |
|
| 606 | 1 |
_aПсихогигиена _jПопулярные издания _9929392 _3RU\NLR\auth\6623393 |
|
| 686 | _aЮ948.1-82я9 | ||
| 686 | _aЮ937.2я9 | ||
| 700 | 1 |
_4070 _8rus _7ca _aШарман _bД. де _gДиана де _3RU\NLR\auth\7739978 _922941 |
|
| 801 | 0 |
_aRU _bNLR _c20090218 _gRCR |
|
| 801 | 1 |
_aRU _bNLR _c20090218 |
|
| 942 | _cBOOK | ||
| 980 | _aNB | ||